00623cam a22002051 45000010008000000030009000080050017000170080041000340100017000750350019000920400028001110420012001390500017001510820016001681000042001842450045002262600041002713000049003126510056003617532719BDDh-ASL20231015030051.0820922s1965 ii abc 000 0 eng  asa 66003899  a(OCoLC)8797436 aDLCcMoUdDLCdBDDh-ASL apremarc00aDS485.K2bI3 a954.6bKHK 1 aMohammed Ibrahim, Sardar,d1915-2003.14aThe Kashmir saga / cby M. Ibrahim Khan. aLahore: bRipon Print. Press,c1965. a228 p. : billus., fold. map, ports.c23 cm. 0aJammu and Kashmir (India)xPolitics and government.